Crazy Facts that are True - Statistics

General Stats
  • This quiz has been taken 2 times
  • The average score is 7 of 15
Answer Stats
Hint Answer % Correct
In WWII British soldiers had to make do with only ___ sheets of toilet paper per day 3
100%
People spend _ years of their lives waiting in line 6
100%
_____ never spoils honey
100%
Women couldn’t apply for credit at a bank until (year) 1974
50%
The average person living in Sweden eats about __ pounds of chocolate a year. 22
50%
You’re never farther than ___ steps from a trash can at Disney World. 30
50%
The shortest war lasted __ minutes 38
50%
Montana has three times as many ____ as it does people cows
50%
Your _____ is around the same size as a clenched fist heart
50%
Ants don’t have _____ lungs
50%
The Caesar Salad was invented in ______ Mexico
50%
The longest year in human history, 46 BC, clocked in at ___ days long 445
0%
_______ was the first food to ever be eaten by a human in space applesauce
0%
The ancient Romans used stale urine as _______ mouthwash
0%
Napoleon was once almost defeated by a herd of ______ rabbits
0%
No matching quizzes found
Score Distribution
Percent of People with Each Score
Percentile by Number Answered
Your Score History
You have not taken this quiz